000 00334 a2200145 4500
001 153519
040 _cEscola São Tomás de Aquino
100 _aAGUIAR, Luiz Antonio
240 1 0 _aEra no tempo do rei
_lpor
245 1 0 _aEra no tempo do rei
362 0 _a2009
440 1 _aÁtica
697 _a*LITERATURA JUVENIL
942 _cBK
999 _c153519
_d153519